| 000 | 01319nam a22003737a 4500 | ||
|---|---|---|---|
| 003 | CHAP | ||
| 005 | 20220329135324.0 | ||
| 008 | 971013s1971 r 00010 d | ||
| 010 | _a34391 | ||
| 011 | _a35363 | ||
| 035 | _a39479 | ||
| 040 | _cCHAP | ||
| 090 | _aTesis | ||
| 100 | 0 | 0 |
_aMendoza Panizo, José Eduardo. _974715 |
| 245 | _aResistencia específica y general a Puccinia graminis F. sp. tritici en algunas variedadses y líneas de trigo | ||
| 260 |
_aChapingo, Méx. : _bEl autor, _c1971 |
||
| 300 |
_a81 h. _b: ilus |
||
| 502 | _aTesis (M.C. Esp. en Fitopatología) -- ENA. Colegio de Postgraduados | ||
| 590 |
_aALEPH _b10 _c20130110 _lUCH01 _h1300 |
||
| 590 |
_aBATCH-UPD _b10 _c20130110 _lUCH01 _h1605 |
||
| 590 |
_aBATCH-UPD _b10 _c20130410 _lUCH01 _h1001 |
||
| 590 |
_aBATCH-UPD _b10 _c20130914 _lUCH01 _h1813 |
||
| 590 |
_aCONVERSION _b10 _c20130109 _lUCH01 _h1319 |
||
| 650 | 1 | 4 |
_aPuccinia graminis. _992822 |
| 650 | 1 | 4 |
_aRoya del trigo. _9100390 |
| 650 | 1 | 4 |
_aTrigo _xVariedades resistentes a enfermedades. _9115120 |
| 901 | _aBK | ||
| 942 | _cFOLL | ||
| 949 |
_bBC _cTES _d-90040 _eTS1 _i39479 _si |
||
| 949 |
_bBC _cTES _d-90042 _eTS2 _fc.2 _i39479 _si |
||
| 949 |
_bBC _cTES _d-90043 _eTS2 _fc.3 _i39479 _si |
||
| 949 |
_bBC _cTES _d-90044 _eTS2 _fc.4 _i39479 _si |
||
| 949 |
_bBC _cTES _d-90045 _eTS2 _fc.5 _i39479 _si |
||
| 999 |
_c34391 _d34391 |
||